| 000 | 01313cad a22002295a 4500 | ||
|---|---|---|---|
| 001 | L140033 | ||
| 008 | 070830e20070723 d f s 000 0 eng u | ||
| 035 | _a(Sirsi) u140033 | ||
| 041 | 0 | _aeng | |
| 050 | _a333.33 $2 18 | ||
| 110 | 2 | _aRightmove | |
| 245 | 0 | 0 |
_aRightmove house price index _bJuly 2007 _h[electronic resource] |
| 260 |
_aLondon _bRightmove _c2007 |
||
| 490 | 0 | 0 |
_aRightmove House Price Index _vJuly 2007 |
| 520 | _aShows that the national average asking price has risen by just 0.3%, the lowest monthly rise this year. The annual increase rate has fallen sharply from 13.2% to 10.3%. The gap in prices between London and the rest of the country is widening. Over the last 12 months London prices have risen almost twice as fast as anywhere else. Gordon Brown's challenge of finding ways to assist first time buyers is continuing to grow. Terraced house prices rose 30% faster than other houses. Flat prices rose nearly twice as fast as semi and detached properties. | ||
| 590 | _aKA | ||
| 650 | 2 | 4 | _aRIGHTMOVE HOUSE PRICE INDEX |
| 651 | 4 |
_aUnited Kingdom _y |
|
| 690 | _aPROPERTY-RESIDENTIAL PROPERTY-RESIDENTIAL PROPERTY MARKET | ||
| 856 | 4 | 0 |
_uhttps://www.rightmove.co.uk/template/publicsite%2Caboutus%2CRTPRArchive.vm _zView the index free of charge at www.rightmove.co.uk... |
| 942 | _n0 | ||
| 999 |
_c107407 _d107407 |
||